| 000 | 00000nam 2200000za 4500 |
| 001 | 9.837656 |
| 003 | CaOODSP |
| 005 | 20250123141413 |
| 007 | cr ||||||||||| |
| 008 | 170605s2006 quc o f000 0 som d |
| 040 | |aCaOODSP|beng |
| 043 | |an-cn--- |
| 086 | 1 |aCH37-4/1-2006Som-PDF |
| 245 | 01|a[Canadian Charter of Rights and Freedoms] |h[electronic resource]. |
| 250 | |a[Somali edition]. |
| 260 | |a[Gatineau, QC] : |b[Canadian Heritage], |c[2006] |
| 300 | |a[1] p. |
| 500 | |aEnglish title provided by publisher. |
| 500 | |aIssued also in English under title: Canadian Charter of Rights and Freedoms. |
| 520 | |aPoster of the Canadian Charter of Rights and Freedoms produced by Canadian Heritage. |
| 530 | |aIssued also in print format. |
| 546 | |aText in Somali. |
| 610 | 10|aCanada. |tCanadian Charter of Rights and Freedoms. |
| 692 | 07|2gccst|aCharter of rights and freedoms |
| 710 | 1 |aCanada. |bCanadian Heritage. |
| 775 | 08|tCanadian Charter of Rights and Freedoms.|w(CaOODSP)9.700116 |
| 792 | |t[Charte canadienne des droits et libertés] |efre|w(CaOODSP)9.837658 |
| 856 | 40|qPDF|s40.77 MB|uhttps://publications.gc.ca/collections/collection_2017/pch/CH37-4-1-2006-som.pdf |